000 00662nam a2200205 i 4500
001 46373
003 ES-MaACL
005 20230906161353.0
007 t|
008 030328s1967 sp ||||1| spa d
080 _a811.134.2'373.21
080 _a811.361'373.21
100 1 _aComenge Gerpe, José Luis.
_939991
245 1 3 _aLa gran marcha ibérica
_b: ensayo sobre la geografía y las lenguas ibéricas /
_cJosé Luis Comenge Gerpe.
260 _aMadrid :
_bEdiciones y Publicaciones Españolas,
_c1967.
300 _a312 p. ;
_c24 cm.
650 4 _aNombres geográficos-
_zEspaña.
_915584
650 _aLengua vasca.
_914329
852 _aES-MaACL
_jC-3299
999 _c46373
_d46373